| 000 | 01455cam a2200361 a 4500 | ||
|---|---|---|---|
| 999 |
_c7198 _d7198 |
||
| 001 | 2998116 | ||
| 003 | GZU | ||
| 005 | 20210505144418.0 | ||
| 008 | 931005s1994 cauab b 001 0 eng | ||
| 010 | _a 93038187 | ||
| 020 | _a0520081307 (alk. paper) | ||
| 020 | _a0520086449 (pbk. : alk. paper) | ||
| 040 |
_aDLC _cDLC _dDLC |
||
| 043 | _af-sa--- | ||
| 050 | 0 | 0 |
_aHD8039 MOO 1994 _bS655 1994 |
| 082 | 0 | 0 |
_a305.9/622 _220 |
| 100 | 1 | _aMoodie, T. Dunbar. | |
| 245 | 1 | 0 |
_aGoing for gold : _bmen, mines, and migration / _cT. Dunbar Moodie with Vivienne Ndatshe. |
| 260 |
_aBerkeley : _bUniversity of California Press, _cc1994. |
||
| 300 |
_axxi, 337 p. : _bill., maps ; _c24 cm. |
||
| 440 | 0 |
_aPerspectives on Southern Africa ; _v51 |
|
| 500 | _aIncludes bibliography | ||
| 504 | _aIncludes bibliographical references (p. 313-324) and index. | ||
| 600 | _2Migrant cultures | ||
| 650 | 0 |
_aGold miners _zSouth Africa _xSocial conditions. |
|
| 650 | 0 |
_aBlacks _zSouth Africa _xSocial conditions. |
|
| 700 | 1 | _aNdatshe, Vivienne. | |
| 856 | 4 | 2 |
_3Contributor biographical information _uhttp://www.loc.gov/catdir/bios/ucal051/93038187.html |
| 856 | 4 | 2 |
_3Publisher description _uhttp://www.loc.gov/catdir/description/ucal041/93038187.html |
| 906 |
_a7 _bcbc _corignew _d1 _eocip _f19 _gy-gencatlg |
||
| 942 |
_2lcc _cBK _h8039 _iMOO _kHD |
||